000
00340nam a2200133Ia 4500
008
231129s9999||||xx |||||||||||||| ||spa||
020
_a
84-7530-863-5
040
_b
spa
082
_a
193 K96r
100
_a
Kuhn Thomas S
245
0
_a
La revolucion copernicana
264
_a
Orbis
942
_2
ddc
_c
BKS
999
_c
18119
_d
18119